000 00749nam a22002417a 4500
003 UA-OsUOA
001 44865
007 ta
008 20070315b un ||||| |||| 00| 0 ukr d
100 _aМашина Н. І.
090 _a368 (100)
_bМ 38
942 _cBK
040 _aUA-OsUOA
_bukr
_cUA-OsUOA
_dUA-OsUOA
245 _aМіжнародне страхування
_bНавчальний посібник
300 _a504 с.
955 _a2
041 _aukr
080 _a368 (100)
020 _a966-364-350-5
260 _aК.
_bЦентр навчальної літератури
_c2006
650 7 _a36 Забезпечення духовних та матеріальних життєвих потреб
_2UDC
999 _c330998
_d330998